000 00570nam a22001937a 4500
005 20250929113117.0
010 _aENG-146883
020 _a9789358703399
_c375.00
035 _aEN-130415
037 _bDBAD
082 _21
_a540
245 _aPYQs 16 Years (2009-2024) NTA NEET Chemistry
250 _a1
260 _aUttar Pradesh
_bS. Chand Publishing
_c2025
270 _aD-92, Sector-2, Noida
_bUttar Pradesh
_e201301
_k61-120-4682700
300 _a202p.
_c27cm(pb)
500 _aAs per the New Syllabus 2025
942 _2ddc
_cEN
_mNTA
_h540
999 _c213492
_d213492